000 00423nam a2200157Ia 4500
008 230917s9999||||xx |||||||||||||| ||und||
020 _cFL250
040 _e20148
_aMAIN
041 _aEnglish
082 _a301.18 B978S
100 _aButler, William E, ed.
245 0 _aSource book on socialist international organization
260 _aNetherland
_bSijthoff & Noordhoff
_c1978
300 _axxv, 2243 p.
942 _cBK
999 _c211327
_d211327